Statistics for Symbols of Religions

Click here to take the quiz!

General Stats

  • This quiz has been taken 14 times
  • The average score is 4 of 21

Answer Stats

ReligionSymbol called?% Correct
ChristianityChristian cross
100%
JudaismStar of David
77%
IslamStar and crescent
54%
BuddhismWheel of Dharma
54%
HinduismOm
31%
Daoism / TaoismTaijitu
31%
Various e.g. Buddhism, HinduismSwastika
23%
LDS/Mormon ChurchAngel Moroni
15%
Unitarian UniversalismFlaming chalice
8%
JainismJain emblem
8%
Bahá'íNine-pointed star
8%
ShintoTorii
8%
KemetismEye of Horus
0%
ZoroastrianismFaravahar
0%
SikhismKhanda
0%
Norse polytheismMjölnir
0%
WiccaPentacle
0%
SatanismSigil of Baphomet
0%
PythagoreanismTetractys
0%
DruidismTriskelion
0%
ThelemaUnicursal hexagram
0%

Score Distribution

Percentile by Number Answered

Percent of People with Each Score

Your Score History

You have not taken this quiz